000 00978nas a2200325 4500
001 BR0703436
003 BR-BrBNA
005 20231205110911.0
007 ta
008 230509b bl.|||p| |||| 00| 00por d
040 _aBR-BrBNA
_bpor
_cBiblioteca Nacional de Agricultura
041 _a(Pt)
072 _aL72
100 1 _aMarchiori, C.H.
100 1 _aSilva Filho, O.M.
100 1 _aBorges, M. de P.
245 1 _aMicrohimenópteros coletados de pupas procedentes de fezes de gado bovino em três propriedades rurais do sul do Estado de Goiás, Brasil
650 _aBOVINO
650 _aHIMENÓPTERO
650 _aPUPA
650 _aDIPTERA
650 _aFEZES
650 _aPROPRIEDADE RURAL
650 _aPARASITISMO
650 _aINSETO PARA CONTROLE BIOLÓGICO
650 _aGOIÁS
773 0 _tSemina (Brazil)
_xISSN 1676-546X
_g(Jul-Sep 2005), v. 26(3) p. 297-304
_wBR0703436
909 _a202311
_bLúcia
_c55
_dLúcia Elande
942 _2AGRIS
_n0
_cANA
999 _c189668
_d189668